000 00281nam a2200121Ia 4500
008 190216s9999||||xx |||||||||||||| ||und||
100 _aChhabra H K
245 0 _aHistory Of Modern World
260 _bSurjeet Pubs.Delhi
_c1987
300 _a370p
650 _aHistory
942 _cBK
999 _c20006
_d20006